000 00602nam a2200241Ia 4500
003 OSt
005 20221007063550.0
006 a|||||r|||| 00| 0
007 ta
008 221006b |||||||| |||| 00| 0 eng d
024 _a20,593
037 _cTextual
040 _aFLL
_cFLL
_beng
041 _2eng
_aeng
082 _aZ2, K3.1
100 _aGuha D.N.
_9684491
245 0 _aCivil litigation
250 _a2nd
260 _aCalcutta
_bEastern Law House (Pvt) Ltd. India
_c1963
300 _a702p
_ccm.
942 _hZ2, K3.1
_cTEXL
_2CC
999 _c1131551
_d1131551